| 000 | 00368nam a2200145Ia 4500 | ||
|---|---|---|---|
| 008 | 150201s2007 xx 000 0 und d | ||
| 082 |
_a6177 _bC07M |
||
| 100 | _aMcPHERSON,RA | ||
| 245 | _aHENRY CLINICAL DIAGNOSIS & MGT.BY LABORATORY METHODS | ||
| 250 | _a21ST | ||
| 260 |
_bELSEVIER _aPHIALDELPHIA _c2007 |
||
| 300 | _a1-1450 | ||
| 650 | _aPATHOLOGY | ||
| 942 |
_2ddc _cBK |
||
| 999 |
_c402 _d402 |
||